PEARL HARBOR (Record n. 107180)
[ formato base ]
| 000 -LEADER | |
|---|---|
| fixed length control field | 02091agaaa2200313 4500 |
| 001 - CONTROL NUMBER | |
| control field | 6585 |
| 003 - CONTROL NUMBER IDENTIFIER | |
| control field | IT-RoPAU |
| 005 - DATE AND TIME OF LATEST TRANSACTION | |
| control field | 20220918181255.0 |
| 007 - PHYSICAL DESCRIPTION FIXED FIELD--GENERAL INFORMATION | |
| fixed length control field | d cvaizq |
| 008 - FIXED-LENGTH DATA ELEMENTS--GENERAL INFORMATION | |
| fixed length control field | 50131s9999||||xx ||| | || ||und|| |
| 040 ## - CATALOGING SOURCE | |
| Original cataloging agency | IT-RoPAU |
| Transcribing agency | IT-RoPAU |
| 041 ## - LANGUAGE CODE | |
| Language code of text/sound track or separate title | ITALIANO |
| 100 ## - MAIN ENTRY--PERSONAL NAME | |
| Personal name | Bay Michael |
| Miscellaneous information | Codice regista SPICS: 58583 |
| 9 (RLIN) | 42640 |
| 130 ## - MAIN ENTRY--UNIFORM TITLE | |
| Uniform title | PEARL HARBOR |
| 9 (RLIN) | 50810 |
| 245 ## - TITLE STATEMENT | |
| Title | PEARL HARBOR |
| Statement of responsibility, etc. | Prodotto da: Bay M. Bruckheimer J -- Sceneggiatura: Wallace Randall -- Diretto da: Bay Michael |
| Name of part/section of a work | PEARL HARBOR (Rif. Codice opera principale : H6585) |
| 250 ## - EDITION STATEMENT | |
| Edition statement | Edizione Standard |
| 260 ## - PUBLICATION, DISTRIBUTION, ETC. (IMPRINT) | |
| Place of publication, distribution, etc. | (USA) |
| Name of publisher, distributor, etc. | TOUCHSTONE PICTURES - JERRY BRUCKHEIMER F / Distribuzione: PANORAMA |
| Date of manufacture | "2001 (1° ed.: 2006 ; Ed. Lingua Orig.: 2001)" |
| 300 ## - PHYSICAL DESCRIPTION | |
| Extent | DVD |
| Other physical details | sonoro, col. |
| Dimensions | 176 minuti |
| 508 ## - CREATION/PRODUCTION CREDITS NOTE | |
| Creation/production credits note | "Fotografia: Schwartzman John; Montaggio: Lebenzon Chris; Musica: Zimmer Hans; Sceneggiatura: Wallace Randall; Scenografia: Phelps Nigel; " |
| 511 ## - PARTICIPANT OR PERFORMER NOTE | |
| Participant or performer note | "Affleck Ben; Hartnett Josh; Beckinsale Kate; Gooding Cuba; Jr.; Sizemore Tom; Voight J" |
| 520 ## - SUMMARY, ETC. | |
| Summary, etc. | IN UNA TRANQUILLA DOMENICA MATTINA DI DICEMBRE, MENTRE I BAMBINI SONO INTENTI NEI LORO GIOCHI E LE FAMIGLIE RACCOLTE IN PREGHIERA, SQUADRONI DI AEREIDA GUERRA GIAPPONESI SFRECCIANO ROBOANTI NEI CIELI DEL PARADISO HAWAIANO SFERRANDO UN ATTACCO A SORPRESA CONTRO LE FORZE ARMATE STATUNITENSI DI BASE A PEARL HARBOR. IL TRISTE GIORNO CHE HA STRAPPATO L'AMERICA AL SUO PACIFICOISOLAMENTO CATAPULTANDOLA IN UNA GUERRA CHE HA ALTERATO IL CORSO DELLA STORIA, VIENE RIVISSUTO IN QUESTO RACCONTO DI PASSIONE, ROMANTICISMO E ONORE. E' RACCONTATO SEGUENDO LE VICENDE DI DUE GIOVANI E AUDACI PILOTI RAFE E DANNY E DELLA BELLA E SENSIBILE INFERMIERA EVELYN DI CUI SONO ENTRAMBI INNAMORATI. |
| 538 ## - SYSTEM DETAILS NOTE | |
| System details note | PAL, STEREO |
| 546 ## - LANGUAGE NOTE | |
| Language note | ITALIANO |
| 650 ## - SUBJECT ADDED ENTRY--TOPICAL TERM | |
| Topical term or geographic name as entry element | GUERRA |
| Relator term | DVD-FILM [DVD] |
| General subdivision | Codice MATERIA SPICS: 9947 |
| 9 (RLIN) | 36913 |
| 700 ## - ADDED ENTRY--PERSONAL NAME | |
| Personal name | Bay Michael |
| Relator term | (regista) |
| Miscellaneous information | Codice regista SPICS: 58583 |
| 9 (RLIN) | 42640 |
| 700 ## - ADDED ENTRY--PERSONAL NAME | |
| Personal name | Wallace Randall |
| Relator term | (soggetto) |
| Miscellaneous information | Codice Soggetto SPICS: 58584 |
| 9 (RLIN) | 50811 |
| 700 ## - ADDED ENTRY--PERSONAL NAME | |
| Personal name | Zimmer Hans |
| Relator term | (musica) |
| Miscellaneous information | Codice Musica SPICS: 27223 |
| 9 (RLIN) | 50812 |
| 942 ## - ADDED ENTRY ELEMENTS (KOHA) | |
| Koha item type | DVD |
| Source of classification or shelving scheme | Dewey Decimal Classification |
| Withdrawn status | Lost status | Damaged status | Not for loan | Home library | Current library | Date acquired | Total Checkouts | Full call number | Date last seen | Price effective from | Koha item type | Public note |
|---|---|---|---|---|---|---|---|---|---|---|---|---|
| Buone Condizioni | Not For Loan | SPICS-MEDIATECA | SPICS-MEDIATECA | 31/01/2015 | H6585 | 31/01/2015 | 31/01/2015 | DVD | Progr. Ins.: 3467 / N.Vol.:1 / Copie: 1 / Pag.:0 / Copia rara: n.d. / date import: 1.2.2015 / By Epidotti, Trombetti, Vaglietti |